MARC детайли
| 000 -Лидер |
| Контролно поле с фиксирана дължина |
02858nam a2200409 c 4500 |
| 003 - Код на организацията, давaща контролен номер |
| Контролно поле |
BLK |
| 005 - Дата и час на последна редакция |
| Контролно поле |
20250219163918.0 |
| 008 - Елементи от данни с фиксирана дължина |
| fixed length control field |
180409b bul|||||r ||||||| ||bul|| |
| 010 ## - Наследен системен номер |
| LC control number |
KNG00121535000 |
| 040 ## - Източник на каталожния запис |
| Идентификатор на билиотеката - собственик на записа |
BLK |
| 041 ## - Код за език |
| Код за езика на текст/звукозапис или на отделно заглавие |
Български |
| Код за езика КДБФ |
Български |
| 080 ## - УДК |
| Текстов определител УДК |
Справочно-библиографска и информационна работа - Форми на пропаганда на книгата, библиографски помагала, пътеводители по литературата и др. Вж и 028 |
| УДК код - определител по УДК |
025.5 |
| УДК определител |
|
| УДК - код + определител |
025.5 |
| 080 ## - УДК |
| Текстов определител УДК |
Библиография на произведенията на отделни автори и библиографии на отделни произведения |
| УДК код - определител по УДК |
012 |
| УДК определител |
(092) |
| УДК - код + определител |
012(092) |
| 080 ## - УДК |
| Текстов определител УДК |
Период на феодализма в българските земи (VII век -I пол. на XVIII век) |
| УДК код - определител по УДК |
94(497.2)"06/17" |
| УДК определител |
(092) |
| УДК - код + определител |
94(497.2)"06/17"(092) |
| 080 ## - УДК |
| Текстов определител УДК |
Българска литература |
| УДК код - определител по УДК |
821.163.2 |
| УДК определител |
(092) |
| УДК - код + определител |
821.163.2(092) |
| 080 ## - УДК |
| Текстов определител УДК |
Византийски политически и културен деятел, Заедно с брат си Кирил е създателят на глаголицата, славянски християнски просветител. Канонизиран за светец и равноапостол |
| УДК код - определител по УДК |
929 Методий, слав. първоучител, св. |
| УДК определител |
|
| УДК - код + определител |
929 Методий, слав. първоучител, св. |
| 139 ## - Редно поле |
| Редна дума |
Методий - велик учител на славянството |
| Авторски знак |
Мет - М 51 |
| 245 10 - Сведения за заглавието |
| Заглавие |
Методий - велик учител на славянството |
| Подзаглавни данни |
Лит. метод. и библиогр. материали за библ. |
| Редно поле (дума) |
състав. Иван Йорданов Иванов; ред. Христо Николов Хаджихристов. |
| 257 ## - Страна на издаване |
| Страна на създаване/издаване |
България |
| 260 ## - Област на издателските данни |
| -- |
София |
| Име на издателя, разпространителя и проч. |
Нар. библ. Св. св. Кирил и Методий |
| Година на издаване |
1986 |
| 300 ## - Физическа характеристика |
| Страници |
78 с., 12 л. |
| Илюстрации и др. |
ил., ноти |
| Размери/Мащаб |
20 см |
| 380 ## - Жанр |
| Жанр |
Общ отдел |
| 600 #0 - Име на лице, използвано като предмет |
| За него / За нея |
Методий, слав. първоучител |
| 9 (RLIN) |
251014 |
| 650 #4 - Допълнително описание по предмет – тема |
| Основно описание – тема или топоним |
Просветители, български - библиографии |
| 9 (RLIN) |
287076 |
| 650 #7 - Допълнително описание по предмет – тема |
| Основно описание – тема или топоним |
Методий, слав. първоучител |
| Източник на редна или ключова дума |
|
| 9 (RLIN) |
162062 |
| 650 #4 - Допълнително описание по предмет – тема |
| Основно описание – тема или топоним |
Пропаганда на литературата |
| 9 (RLIN) |
259351 |
| 653 ## - Ключова дума – ненормативна |
| Ключова дума |
просветители |
| 653 ## - Ключова дума – ненормативна |
| Ключова дума |
Методий, славянски първоучител |
| 700 1# - Други автори (авторска отговорност) |
| Лично име |
Иванов, Иван Йорданов |
| Автороска отговорност (Описва отношението между автора и произведението) |
състав. |
| 9 (RLIN) |
370449 |
| 700 1# - Други автори (авторска отговорност) |
| Лично име |
Хаджихристов, Христо Николов |
| Автороска отговорност (Описва отношението между автора и произведението) |
ред. |
| 9 (RLIN) |
259349 |
| 852 ## - Местоположение |
| Форматна сигнатура |
Цб 144731 |
| 856 4# - Електронен адрес и достъп |
| Електронен формат |
pdf - файл |
| Път до файла /url/ |
|
| 856 4# - Електронен адрес и достъп |
| Електронен формат |
pdf - файл |
| Път до файла /url/ |
|
| 942 ## - АРТИКУЛИ |
| Вид на библиотечния материал |
Книги |
| Скрит в OPAC |
Не |
| 944 ## - СЪЗДАВАНЕ И РЕДАКЦИЯ на ЗАПИСА |
| Създаване/Редакция |
Създаване |
| Дата на регистрацията/редакция |
26.02.2011 |
| Статус, дата на статуса |
Геновева Генчева |
| Служител, извършил регистрацията/редакцията |
30560 |
| 944 ## - СЪЗДАВАНЕ И РЕДАКЦИЯ на ЗАПИСА |
| Създаване/Редакция |
Редакция |
| Дата на регистрацията/редакция |
26.02.2011 |
| Статус, дата на статуса |
добави в АБ / 25.02.2011 |
| Служител, извършил регистрацията/редакцията |
|
| 999 ## - СИСТЕМНИ КОНТРОЛНИ НОМЕРА |
| Koha biblionumber |
116007 |
| Koha biblioitemnumber |
116007 |